Stations de l'ex-ligne A du tram de Bordeaux - Statistiques

Statistiques générales
  • Ce quiz a été pris 14 fois
  • Le résultat moyen est 21 sur 51
Statistiques - réponses
Réponse % Correct
Hôtel de Ville de Bordeaux
91%
Aéroport
82%
Hôpital Pellegrin
82%
Mériadeck
82%
Sainte-Catherine
82%
Floirac Dravemont
73%
Hôtel de Police
64%
Mérignac Soleil
64%
Porte de Bourgogne
64%
Stade Chaban Delmas
64%
Cenon (Gare SNCF)
55%
François Mitterrand
55%
Gaviniès
55%
La Gardette / Bassens / Carbon Blanc
55%
Mérignac Centre
55%
Palais de Justice
55%
Saint-Augustin
55%
Saint-Bruno / Hôtel de Région
55%
Stalingrad
55%
Alfred de Vigny
45%
Le Haillan (Rostand)
45%
Buttinière
36%
Carnot / Mairie de Cenon
36%
Fontaine d'Arlac (Gare SNCF Mérignac Arlac)
36%
Iris
36%
Jardin Botanique
36%
Peychotte
36%
Pierre Mendès France
36%
Pin Galant
36%
Place du Palais
36%
Quatre Chemins
36%
Frères Robinson
27%
Galin
27%
Hôtel de Ville Mérignac
27%
Les Pins
27%
Palmer
27%
Thiers-Benauge
27%
Cadéra Issartier
18%
Caroline Aigle
18%
Carriet
18%
Chemin Long
18%
Jean Jaurès
18%
Lauriers
18%
Lycées de Mérignac
18%
Mairie de Lormont
18%
Pelletan
18%
Bois Fleuri
9%
Gravières
9%
Jean Zay
9%
La Marègue
9%
La Morlette
9%
Aucun quiz correspondant
Distribution des résultats
% des personnes avec chaque résultat
Percentile par nombre de réponses
Votre historique - résultats
Vous n’avez pas pris ce quiz